00777nam a2200181 a 4500008004100000050002200041100002400063245015200087260004100239300000900280350000900289650002700298650001000325710001500335995010000350999001700450952012800467071017s1997 ||||||||||||||||| || u aIBRD(058)ABG/1997 aWolfensohn, James D14aThe challenge of inclusion: address to the Board of Governorsc By James D. Wolfensohn, President, World Bank, Hong Kong, China, September 23, 1997 aWashington, D. C.:bWorld Bankc1997 a19p. a0.00 aWORLD BANK--CONGRESSES aBANKS aWorld Bank D0.00FCBU-MAIN LIBRARY (Kitwe)H1I0.00M1UAVAILABLEWOct 17, 2007ZInternational Publications c36997d36997 00102lcc4070a001b001cInternational Publicationsd2022-11-30l0oIBRD(058)ABG/1997p56206r2022-11-30w2022-11-30y002